Gaming Quiz

Random Gaming or Video Games Quiz

Final Fantasy VII World Map Quiz Stats

 Plays Quiz Updated May 21, 2014

Support Sporcle.
Go Orange.
Score 0/33 Timer 05:00
0 Plays Today
% Correct
Midgar
82.5%
North Crater
71.8%
Wutai
70.7%
Kalm
66.5%
Nibelheim
66%
Gold Saucer
65.6%
Chocobo Ranch
65.3%
Junon
63.7%
Cosmo Canyon
61.4%
Rocket Town
58.2%
Costa del Sol
57.9%
Temple of the Ancients
54.3%
Fort Condor
51.3%
Mt. Corel & North Corel
50.9%
Mideel
50.6%
Round Island Materia Cave
44.5%
Gongaga
44.2%
% Correct
Bone Village
43.9%
Forgotten Capital
43.6%
Icicle Inn
41.6%
Mt. Nibel
39.5%
Wutai Materia Cave
35.2%
Lucrecia's Cave
34.8%
Mideel Materia Cave
34.1%
Goblin Island
33.2%
Corel Materia Cave
33.1%
Chocobo Sage's House
32.8%
Ancient Forest
32.5%
Mythril Mine
30.4%
Cactus Island
28.7%
Sleeping Man's Cave
25.3%
Weapon Seller's House
18.9%
Sunken Gelnika
17.2%

You're not logged in!

Compare scores with friends on all Sporcle quizzes.
OR
Log In

From the Vault

Countries with 4 Different Vowels

by rk559

These countries would absolutely go bankrupt on Wheel of Fortune.
Remove Ads.
Support Sporcle.
Get the best of Sporcle when you Go Orange. This ad-free experience offers more features, more stats, and more fun while also helping to support Sporcle. Thank you for becoming a member.

Show Comments

Extras

Top Quizzes Today


Score Distribution

Your Account Isn't Verified!

In order to create a playlist on Sporcle, you need to verify the email address you used during registration. Go to your Sporcle Settings to finish the process.

Report this User

Report this user for behavior that violates our Community Guidelines.

Details: